| 000 | 00418cam a2200169ua 4500 | ||
|---|---|---|---|
| 020 | _c3.00 | ||
| 041 |
_amal _h |
||
| 082 |
_a894.8124 _bCHA/PU |
||
| 100 | _aChacko, P T . | ||
| 245 |
_aPurogathiyum vilanguthadikalum / _cP T Chacko. _hTextual Documents |
||
| 260 |
_aMuvattupuzha : _bForward book stall , _c1960. |
||
| 300 | _a182 ; . | ||
| 365 | _a3.00 | ||
| 504 | _a | ||
| 942 | _cBK | ||
| 999 |
_c5925 _d5925 |
||